| 000 | 00565nam a22001697a 4500 | ||
|---|---|---|---|
| 008 | 161123b xxu||||| |||| 00| 0 eng d | ||
| 020 | _a0198258828 | ||
| 050 | _aKZ21.B7(1995 vol.66) | ||
| 245 |
_aThe British year book of international law 1995: Sixty sixth year of issue. / _cedited by Ian Brownlie and James Crawford. |
||
| 260 |
_aLondon : _bOxford University Press, _c1996. |
||
| 300 |
_axi, 762p. : _c24cm. |
||
| 440 |
_pBritish yearbook. _vvol.66 |
||
| 500 | _aIncludes index. | ||
| 800 | _aBrownlie, Ian. | ||
| 800 | _aCrawford, James. | ||
| 942 |
_2lcc _cBK |
||
| 999 |
_c6161 _d13661 |
||